000 01437 a2200205 4500
003 Nust
005 20221205141910.0
010 _a 74190465
020 _a0155117327
040 _cNust
082 0 0 _a530, MIL
100 1 _aMiller, Franklin,
_9104144
245 1 0 _aCollege physics
_c[by] Franklin Miller, Jr.
250 _a3d ed.
260 _aNew York,
_bHarcourt Brace Jovanovich
_c[1972]
300 _axviii, 749 p.
_billus.
_c24 cm.
505 _aThe Nature of Physics (Page-1), Structure and Properties of Matter (Page-14), Kinematics-The Description of Motion (Page-25), Dynamics (Page-57), Statics (Page-81), Conservation of Momentum and Energy (Page-110), Relativity (Page-140), Rotation (Page-163), Elasticity and Vibration (Page-195), Wave Motion (Page-219), Interference and Stationary Waves (Page-238), Fluids (Page-261), Temperature and Expansion (Page-287), Heat and Heat Transfer (Page-300), Thermal Behavior of Gases (Page-319), The Theory of Heat (Page-336), Electric Charge (Page-357), Electric Field (Page-376), Electric Energy (Page-399), Electric Circuits (Page-411) ,Electromagnetism (Page-437), Applied Electricity (Page-463), Electromagnetic Waves (Page-491), Geometrical Optics (Page-509), Wave Optics (Page-536), Applied Optics (Page-567), Electrons and Photons (Page-590), The Outer Atom (Page-609), The Nucleus (Page-629), Applied Nuclear Physics (Page-654).
650 0 _aPhysics.
942 _2ddc
_cBK
999 _c180610
_d180610